Nani's holiday / (Record no. 110848)
[ view plain ]
| 000 -LEADER | |
|---|---|
| fixed length control field | 00516nam a2200181 a 4500 |
| 001 - CONTROL NUMBER | |
| control field | 1690 |
| 005 - DATE AND TIME OF LATEST TRANSACTION | |
| control field | 20140414131904.0 |
| 008 - FIXED-LENGTH DATA ELEMENTS--GENERAL INFORMATION | |
| fixed length control field | 001110s19uu xx 00 eng d |
| 020 ## - INTERNATIONAL STANDARD BOOK NUMBER | |
| International Standard Book Number | 0-7497-2331-9 |
| 050 ## - LIBRARY OF CONGRESS CALL NUMBER | |
| Classification number | FIC |
| Item number | B83 1994 |
| 100 ## - MAIN ENTRY--PERSONAL NAME | |
| Personal name | Bruce, Lisa |
| 245 ## - TITLE STATEMENT | |
| Title | Nani's holiday / |
| Statement of responsibility, etc | Lisa Bruce ; illustrated by Paul Howard. |
| 260 ## - PUBLICATION, DISTRIBUTION, ETC. (IMPRINT) | |
| Place of publication, distribution, etc | London : |
| Name of publisher, distributor, etc | Mammoth, |
| Date of publication, distribution, etc | 1994. |
| 300 ## - PHYSICAL DESCRIPTION | |
| Extent | 122 p. ; cm. |
| 500 ## - GENERAL NOTE | |
| General note | The sequel to the very popular "Jazera's Journey" |
| 650 ## - SUBJECT ADDED ENTRY--TOPICAL TERM | |
| Topical term or geographic name as entry element | Friendship - Fiction. |
| Withdrawn status | Lost status | Damaged status | Use restrictions | Home library | Current library | Shelving location | Date acquired | Source of acquisition | Total Checkouts | Full call number | Barcode | Date last seen | Price effective from | Koha item type |
|---|---|---|---|---|---|---|---|---|---|---|---|---|---|---|
| Munich Library | Munich Library | Fiction Section | 12/23/2004 | FIC B83 1994 | M1357 | 04/14/2014 | 04/14/2014 | Books |